Under milk wood /

Bibliographic Details
Main Author: Thomas, Dylan, 1914-1953
Corporate Author: Caedmon Records
Format: Cassette Audio Book
Language:English
Published: N.Y., N.Y. : Caedmon, 1953.

MARC

Tag First Indicator Second Indicator Subfields
LEADER 00000cim a2200000 a 4500
001 in00000089990
005 20151008063614.0
007 ss lunjlc----|
008 780718s1953 nyu nn z d 0 eng d
033 1 |a 1953  |b 3804  |c N4 
035 |a (OCoLC)04062983 
035 |9 AAK2574AM 
040 |a YHM  |c YHM  |d m.c.  |d TXA  |d UtOrBLW 
049 |a TXAV 
090 |a PR6039.H52  |b U6 1953 
100 1 |a Thomas, Dylan,  |d 1914-1953. 
245 1 0 |a Under milk wood /  |c Dylan Thomas. 
264 1 |a N.Y., N.Y. :  |b Caedmon,  |c 1953. 
300 |a 2 sound cassettes (90 min.) :  |b 1 7/8 ips. 
306 |a 012944 
336 |a spoken word  |b spw  |2 rdacontent 
337 |a audio  |b s  |2 rdamedia 
338 |a audiocassette  |b ss  |2 rdacarrier 
500 |a Caedmon: CDL 52005 
500 |a "This cassette is playable on stereo or monaural equipment." 
511 1 |a Dylan Thomas, Dion Allen, Allen F. Collino, Roy Poole, Sada Thompson, Nancy Wickwire. 
518 |a The premier performance, recorded at the Poetry Center of the YM-YWHA, New York, May 14, 1953. 
500 |a Sound recording. 
710 2 |a Caedmon Records. 
740 0 |a Under milkwood  |h [sound recording] 
999 |a MARS 
999 f f |s 03b64e7b-f3eb-364a-aad1-2b434e5069b9  |i edde2600-9207-3592-9ddc-7ffbe0ec4473  |t 0 
952 f f |p ric  |a Texas A&M University  |b Rellis Campus  |c Joint Library Facility  |d Remote Storage  |t 0  |e PR6039.H52 U6 1953  |h Library of Congress classification  |i audio -- audiocassette  |m A14806058147 
998 f f |a PR6039.H52 U6 1953  |t 0  |l Remote Storage